Piłkarze z Premier League w tegorocznym Pucharze Azji - Statystyki

Ogólne statystyki
  • Ten quiz został rozwiązany 31 razy
  • Średni wynik to 3 z 6
Statystyki odpowiedzi
PIŁKARZ REPREZENTACJA KLUB % Poprawnych
Heung-Min Son Korea Południowa Tottenham Hotspur
97%
Takehiro Tomiyasu Japonia Arsenal FC
79%
Wataru Endo Japonia Liverpool FC
76%
Saman Ghoddos Iran Brentford FC
24%
Ji-Soo Kim Korea Południowa Brentford FC
10%
Justin Hubner Indonezja Wolverhampton Wanderers
3%
Nie znaleziono quizów pasujących do podanych kryteriów
Rozkład punktacji
Procent ludzi z każdym wynikiem
Percentyl według liczby udzielonych odpowiedzi
Twoja historia wyników
Nie rozwiązałeś tego quizu